Регионална библиотека "Любен Каравелов" - Русе

Примерни тестове по български език и литература за кандидатстване след VІІ клас (Запис номер 68789)

MARC детайли
000 -Лидер
Контролно поле с фиксирана дължина 02229nam a2200421 c 4500
003 - Код на организацията, давaща контролен номер
Контролно поле BLK
005 - Дата и час на последна редакция
Контролно поле 20240610161125.0
008 - Елементи от данни с фиксирана дължина
fixed length control field 180408b bul|||||r ||||||| ||bul||
010 ## - Наследен системен номер
LC control number KNG00073119000
020 ## - Международен стандартен номер на книга ISBN
Международен стандартен номер на книга ISBN 954-340-042-3
-- издат.: Ню медиа груп
040 ## - Източник на каталожния запис
Идентификатор на билиотеката - собственик на записа BLK
041 ## - Код за език
Код за езика на текст/звукозапис или на отделно заглавие Български
Код за езика КДБФ Български
080 ## - УДК
Текстов определител УДК Български език в основното училище. Методика на обучението
УДК код - определител по УДК 373.3.016:811.163.2
УДК определител (079)(075.2)
УДК - код + определител 373.3.016:811.163.2(079)(075.2)
080 ## - УДК
Текстов определител УДК Българска литература в основното училище. Методика на обучението
УДК код - определител по УДК 373.3.016:821.163.2
УДК определител (079)(075.2)
УДК - код + определител 373.3.016:821.163.2(079)(075.2)
100 1# - Редна дума - Автор
Автор Димитров, Борис
Авторска отговорност първи автор
R(LIN) 369596
139 ## - Редно поле
Редна дума Димитров, Борис и др.
Авторски знак Димк - Д 59
245 10 - Сведения за заглавието
Заглавие Примерни тестове по български език и литература за кандидатстване след VІІ клас
Редно поле (дума) Борис Димитров; съавт. Диана Петрова Иванова; съавт. Румяна Петкова Петкова.
257 ## - Страна на издаване
Страна на създаване/издаване България
260 ## - Област на издателските данни
-- София
Име на издателя, разпространителя и проч. Ню медиа груп
Година на издаване 2007
Печатница София : Мултипринт
300 ## - Физическа характеристика
Страници 137 с.
Размери/Мащаб 20 см
380 ## - Жанр
Жанр Обществени науки
500 ## - Общи забележки
Забележка Офс. изд.
650 #4 - Допълнително описание по предмет – тема
Основно описание – тема или топоним Български език - тестове и задачи - учебници за основни училища
9 (RLIN) 256979
650 #4 - Допълнително описание по предмет – тема
Основно описание – тема или топоним Българска литература - тестове - учебници за училища
9 (RLIN) 265354
653 ## - Ключова дума – ненормативна
Ключова дума български език
653 ## - Ключова дума – ненормативна
Ключова дума българска литература
653 ## - Ключова дума – ненормативна
Ключова дума тестове
653 ## - Ключова дума – ненормативна
Ключова дума кандидат-гимназисти
653 ## - Ключова дума – ненормативна
Ключова дума учебни помагала
700 1# - Други автори (авторска отговорност)
Лично име Иванова, Диана Петрова
Автороска отговорност (Описва отношението между автора и произведението) съавт.
9 (RLIN) 370989
700 1# - Други автори (авторска отговорност)
Лично име Петкова, Румяна Петкова
Автороска отговорност (Описва отношението между автора и произведението) съавт.
9 (RLIN) 294107
852 ## - Местоположение
Форматна сигнатура Цб 232489
856 4# - Електронен адрес и достъп
Електронен формат pdf - файл
Път до файла /url/
856 4# - Електронен адрес и достъп
Електронен формат pdf - файл
Път до файла /url/
942 ## - АРТИКУЛИ
Вид на библиотечния материал Книги
Скрит в OPAC Не
Koha issues (borrowed), all copies 1
944 ## - СЪЗДАВАНЕ И РЕДАКЦИЯ на ЗАПИСА
Създаване/Редакция Създаване
Дата на регистрацията/редакция 19.03.2007
Статус, дата на статуса Бояна Костадинова
Служител, извършил регистрацията/редакцията 30551
944 ## - СЪЗДАВАНЕ И РЕДАКЦИЯ на ЗАПИСА
Създаване/Редакция Редакция
Дата на регистрацията/редакция 19.11.2014
Статус, дата на статуса ф /
Служител, извършил регистрацията/редакцията Людмила_Стоянова
999 ## - СИСТЕМНИ КОНТРОЛНИ НОМЕРА
Koha biblionumber 68789
Koha biblioitemnumber 68789
Наличности
Код за отписване Код за изгубен артикул Източник на класификационната схема Код за повреда Коз за рестрикции Код за отдаване Артикулен № Име на библиотеката - собственик Име на библиотеката, в която се намира в момента Статус (Текущо местоположение) Дата на вписване в системата Местоположение - отдел Цена в лева Инвентарен номер Систематично азбучна сигнатура Баркод Номер на екземпляра Цена в евро Служебна бележка Служебен тип на артикула
  Не е изгубен Universal Decimal Classification Не е повреден без рестрикции заемане за дома 113019 Регионална библиотека "Любен Каравелов" Русе Регионална библиотека "Любен Каравелов" Русе Детски отдел 2007-03-20 Детски отдел 4.70 120000711431 ДН 373.3.016:821/Д 58 120000711431 1 2.40 Дост: Pk Вид: Ф N: 18 Дата: 05.03.2007 Дата инв: 24.08.2015 Бележки инв: Д2015 Книги
  Не е изгубен   Не е повреден без рестрикции ползва се в читалня 113020 Регионална библиотека "Любен Каравелов" Русе Регионална библиотека "Любен Каравелов" Русе Хранилище 2008-01-28 Хранилище 4.70 120000722550 Цб 232489 120000722550 2 2.40 Дост: Dp Вид: Д N: 42 Дата: 27.09.2007 Книги
Изтеглен Не е изгубен Universal Decimal Classification Не е повреден без рестрикции заемане за дома 113021 Регионална библиотека "Любен Каравелов" Русе Регионална библиотека "Любен Каравелов" Русе Детски отдел 2014-09-12 Детски отдел 4.70 120000780793 ДН 372.88/Д 58 120000780793 3 2.40 Дост: DA Вид: А N: 18 Дата: 12.09.2014 Дата инв: 21.08.2015 Бележки инв: Д2015 Книги
Vip Innovations Ltd, Rousse, Bulgaria 2025